000 00789nam a2200265Ia 4500
003 OSt
005 20221005063917.0
006 a|||||r|||| 00| 0
007 ta
008 221004b |||||||| |||| 00| 0 eng d
020 _a9781412935517
_c4712.5
024 _a95353
037 _b580, 13/03/2009, Bhartiya Sahitya Bhawan
_cTextual
040 _aCRL
_cCRL
_beng
041 _2eng
_aeng
082 _aW:f, P8
100 _aPierce Roger
_9445731
245 0 _aResearch methods in politics
_b A practical guide
260 _aLos
_bAngeles Sage USA
_c2008
300 _axi,339p.
_ccm.
650 _a RESEARCH METHODS
650 _aPOLITICAL SCIENCE
942 _hW:f, P8
_cTEXL
_2cc
999 _c972107
_d972107